02810cam a22002298i 4500999001700000020003000017082001600047245012600063250001500189260003400204300001800238505136000256520066401616650002602280650002102306650003002327700002702357700002902384700002902413942001202442952012602454 c37726d37726 a9781138346789 (hardcover)00a305.8bGLO-00aGlobal raciality :bempire, postcoloniality, decoloniality /cedited by Paola Bacchetta, Sunanina Maira, & Howard Winant. a1 Edition. aNew York :bRoutledge,c2019. aviii, 234p. ;0 aIntroduction global raciality : empire, postcoloniality, decoloniality / Paola Bachetta and Sunaina Maira -- Empire -- Imagining new worlds, constructing exceptionalism : anti-Indianism and the roots of united states exceptionalism / Leece M. Lee-Oliver -- A burmese wonderland : race and corporate governmentality in British Burma, 1906-1930 / David Baillargeon -- Comparative raciality : erasure and hypervisibility of Asian and Afro Mexicans / Bettina Nguweno and Lok Siu -- Postcoloniality -- Racial property and radical memory : epilogues to the Haitian revolution -- The incursion and its hauntings : modernity, discipline, and compromised citizenship / Kimberley McKinson -- Palestine in black and white : white settler-colonialism and the specter of transnational black / Greg Burris -- Decoloniality -- Modern skins : exploring racialized representations in post-liberalization India / Hareem Khan -- Queer of color formations and translocal spaces in Europe / Paola Bacchetta, Fatime El-Tayeb, and Jin Haritaworn -- Black buddhist : the visual and material cultures of the Dalit movement and Black Panther Party / Padma D. Maitland -- Solidarity protests of us security policy : interrupting racial and imperial affects through ritual morning / Chandra Russo -- Afterword race and empire today / Vijay Prashad -- About the contributors -- Index. aGlobal Raciality expands our understanding of race, space, and place by exploring forms of racism and anti-racist resistance worldwide. Contributors address neoliberalism; settler colonialism; race, class, and gender intersectionality; immigrant rights; Islamophobia; and homonationalism; and investigate the dynamic forces propelling anti-racist solidarity and resistance cultures. Midway through the Trump years and with a rise in nativism fervor across the globe, this expanded approach captures the creativity and variety found in the fight against racism we see the world over. Chapters focus on both the immersive global trajectories of race and racism 0aAnti-racismxHistory. 0aRacismxHistory. 0aPostcolonialismxHistory.1 aBacchetta, P.eeditor.1 aMaira, Sunaina,eeditor.1 aWinant, Howard,eeditor. 2ddccBK 00104070aNASSDOCbNASSDOCd2023-03-16eOverseasg0.00l0o305.8 GLO-p53063r2023-04-25 00:00:00v0.00w2023-04-25yBK